[Event "Snorlax # 25"]
[Site "SchemingMind.com"]
[Date "2009.03.19"]
[Round "-"]
[White "Eden"]
[Black "Zugzwang"]
[Result "0-1"]
[WhiteCountry "CZE"]
[BlackCountry "CAN"]
[WhiteElo "1491"]
[WhiteRD "65"]
[BlackElo "1495"]
[BlackRD "59"]
[GameID "196894"]

1. e4 e5 2. Bc4 Nf6 3. d3 Nc6 4. f4 Bc5 5. Nf3 O-O 6. fxe5 Ng4 7. d4 Bb6 8. h3 Nh6 9. Bxh6 gxh6 10. c3 Kh8
11. g4 d6 12. exd6 cxd6 13. Nbd2 Re8 14. Qe2 Bd7 15. Bxf7 Rf8 16. Bd5 Re8 17. Rg1 Ne7 18. Bxb7 Rb8 19. Ba6 Ng6 20. Qe3 d5
21. O-O-O dxe4 22. Nxe4 Bc6 23. Bd3 Ba5 24. Rge1 Qb6 25. b3 Rec8 26. Bc4 Ba4 27. Bd5 Ne7 28. Bc4 Rxc4 29. bxc4 Qb2#
0-1

[Event "Snorlax # 25"]
[Site "SchemingMind.com"]
[Date "2009.03.18"]
[Round "-"]
[White "Eden"]
[Black "chessleon"]
[Result "0-1"]
[WhiteCountry "CZE"]
[BlackCountry "NED"]
[WhiteElo "1491"]
[WhiteRD "65"]
[BlackElo "1553"]
[BlackRD "70"]
[GameID "196895"]

1. d3 Nf6 2. Bg5 e5 3. a3 Be7 4. e4 Nc6 5. c3 d6 6. h3 Be6 7. b4 h6 8. Bxf6 Bxf6 9. g3 d5 10. Nd2 d4
11. Rc1 dxc3 12. Rxc3 Qd4 13. Ne2 Qb6 14. Nc4 Bxc4 15. Rxc4 O-O 16. Qb3 Rad8 17. a4 Nd4 18. Qc3 Qd6 19. Bg2 Nc6 20. Nc1 Rc8
21. O-O a6 22. Nb3 b5 23. Rxc6 Qd7 24. axb5 axb5 25. f4 exf4 26. Qc2 Bd4+ 27. Nxd4 Qxd4+ 28. Kh2 fxg3+ 29. Kxg3 Qe5+ 30. Kf3 f5
31. Ke2 fxe4 32. Rxf8+ Rxf8 33. dxe4 Qf4 34. Bf3 Qxf3+ 35. Kd2 Rd8+ 36. Kc1 Qa3+ 37. Qb2 Rd1+
0-1

[Event "Snorlax # 25"]
[Site "SchemingMind.com"]
[Date "2009.03.17"]
[Round "-"]
[White "Eden"]
[Black "Joe Daudish"]
[Result "0-1"]
[WhiteCountry "CZE"]
[BlackCountry "USA"]
[WhiteElo "1491"]
[WhiteRD "65"]
[BlackElo "1734"]
[BlackRD "47"]
[GameID "196896"]

1. e4 e6 2. d3 d5 3. e5 Ne7 4. Bg5 c5 5. d4 cxd4 6. Qxd4 Nbc6 7. Qf4 Qa5+ 8. c3 Ng6 9. Qe3 Ncxe5 10. b4 Qc7
11. Bb5+ Bd7 12. Bxd7+ Nxd7 13. f4 Be7 14. Nh3 h6 15. Bxe7 Nxe7 16. O-O Nf5 17. Qd3 Rc8 18. g4 Nd6 19. a4 Qc4 20. Qe3 Qe4
21. Qxa7 O-O 22. Qf2 Nf6 23. g5 Ng4 24. Qg3 h5 25. Rf3 Nf5 26. Nd2 Qe2 27. Nf1 Nxg3 28. Nxg3 Qxf3 29. Rf1 Qxc3 30. Nf2 Nxf2
31. Rxf2 g6 32. Kg2 Qxb4 33. Ra2 Qxf4
0-1

[Event "Snorlax # 25"]
[Site "SchemingMind.com"]
[Date "2009.03.18"]
[Round "-"]
[White "Eden"]
[Black "THart"]
[Result "0-1"]
[WhiteCountry "CZE"]
[BlackCountry "USA"]
[WhiteElo "1591"]
[WhiteRD "73"]
[BlackElo "1776"]
[BlackRD "84"]
[GameID "196897"]

1. d3 e5 2. e4 Bc5 3. Qg4 Qf6 4. f4 Nc6 5. c3 Nh6 6. Qg3 d6 7. h3 O-O 8. Nf3 Ne7 9. b4 Bb6 10. a4 a5
11. b5 Ng6 12. f5 Nxf5 13. exf5 Qxf5 14. d4 Qe4+ 15. Be2 exd4 16. cxd4 Re8 17. Qf2 Bf5 18. Nc3 Qc2 19. Bd2 Nf4 20. Ra2 Qxa2
21. Nxa2 Nd3+ 22. Kf1 Nxf2 23. Kxf2 Re7 24. g4 Be4 25. Be3 Rae8 26. Re1 Bxf3 27. Kxf3 Rxe3+ 28. Kf2 Bxd4 29. Nc1 Rxe2+
0-1

[Event "Snorlax # 25"]
[Site "SchemingMind.com"]
[Date "2009.03.18"]
[Round "-"]
[White "Eden"]
[Black "staunton64"]
[Result "0-1"]
[WhiteCountry "CZE"]
[BlackCountry "FRA"]
[WhiteElo "1591"]
[WhiteRD "73"]
[BlackElo "1712"]
[BlackRD "64"]
[GameID "196898"]

1. e4 c5 2. c4 Nc6 3. f4 e5 4. d3 Nf6 5. Nf3 Be7 6. fxe5 Ng4 7. Bf4 O-O 8. d4 cxd4 9. Nxd4 d6 10. exd6 Bxd6
11. Bxd6 Qxd6 12. h3 Ne3 13. Qc1 Qxd4 14. Nd2 Nxf1 15. Kxf1 f5 16. exf5 Rxf5+ 17. Nf3 Ne5 18. Qd1 Qxc4+ 19. Kg1 Nxf3+ 20. gxf3 Rg5+
21. Kf2 Qc5+ 22. Ke2 Rg2+ 23. Kd3 Bf5#
0-1

[Event "Snorlax # 25"]
[Site "SchemingMind.com"]
[Date "2009.03.17"]
[Round "-"]
[White "Cesar Fuertes"]
[Black "Eden"]
[Result "1-0"]
[WhiteCountry "ARG"]
[BlackCountry "CZE"]
[WhiteElo "2080"]
[WhiteRD "102"]
[BlackElo "1491"]
[BlackRD "65"]
[GameID "196899"]

1. d4 Nf6 2. c4 d5 3. Nc3 dxc4 4. e4 Be6 5. Nf3 c6 6. Ng5 Qd7 7. e5 h6 8. Nxe6 Qxe6 9. Be2 Nd5 10. Bxc4 f6
11. Qb3 Nd7 12. Nxd5 cxd5 13. Bxd5 Qg4 14. Bf7+ Kd8 15. Qd5 fxe5 16. Be3 exd4 17. Be6 Qxe6 18. Qxe6 dxe3 19. Rd1 exf2+ 20. Kxf2 Ke8
21. Qxd7+
1-0

[Event "Snorlax # 25"]
[Site "SchemingMind.com"]
[Date "2009.03.19"]
[Round "-"]
[White "Zugzwang"]
[Black "Eden"]
[Result "0-1"]
[WhiteCountry "CAN"]
[BlackCountry "CZE"]
[WhiteElo "1495"]
[WhiteRD "59"]
[BlackElo "1491"]
[BlackRD "65"]
[GameID "196900"]

1. d4 d5 2. Nf3 e6 3. e3 Nf6 4. Bd3 c5 5. c3 Qd6 6. Nbd2 c4 7. Bc2 b5 8. O-O Nc6 9. Qe2 e5 10. e4 Be7
11. exd5 Qxd5 12. Nxe5 Nxe5 13. Qxe5 Qxe5 14. dxe5 Ng4 15. Re1 O-O 16. Ne4 Nxe5 17. Ng5 f6 18. Nxh7 Re8 19. Bf4 Bd6 20. Rad1 Bc7
21. Rd5 Bb7 22. Rxb5 Bc6 23. Rc5 Bd6 24. Ra5 a6 25. Re3 Ra7 26. Bg6 Nxg6 27. Bxd6 Rxe3 28. fxe3 Kxh7 29. Rh5+ Kg8 30. Rc5 Bb5
31. b4 Rd7 32. Rc6 Bxc6 33. Bc5 Ne5 34. Kf2 Rd2+ 35. Kg3 Rxg2+
0-1

[Event "Snorlax # 25"]
[Site "SchemingMind.com"]
[Date "2009.03.18"]
[Round "-"]
[White "chessleon"]
[Black "Eden"]
[Result "1-0"]
[WhiteCountry "NED"]
[BlackCountry "CZE"]
[WhiteElo "1553"]
[WhiteRD "70"]
[BlackElo "1491"]
[BlackRD "65"]
[GameID "196901"]

1. e4 c5 2. Nf3 d6 3. d4 Qa5+ 4. c3 Bg4 5. Bd2 cxd4 6. cxd4 Qb6 7. Bc3 f6 8. h3 Bxf3 9. Qxf3 Nc6 10. Nd2 Nb4
11. Bxb4 Qxb4 12. Qc3 Qxc3 13. bxc3 a6 14. Be2 e5 15. d5 Rc8 16. Rc1 Nh6 17. g4 b5 18. Nb3 g6 19. O-O Nf7 20. f4 Bh6
21. g5 fxg5 22. f5 gxf5 23. Rxf5 g4 24. Rcf1 Be3+ 25. Kg2 Nh6 26. Rf6 gxh3+ 27. Kxh3 Rxc3 28. Re6+ Kd7 29. Rf3 Re8 30. Rxh6 Bxh6
31. Rxc3 Rf8 32. Bg4+ Kd8 33. Rc8+ Ke7 34. Rc7+ Kf6 35. Rxh7 Kg5 36. Bf5 Rc8 37. Bxc8
1-0

[Event "Snorlax # 25"]
[Site "SchemingMind.com"]
[Date "2009.03.18"]
[Round "-"]
[White "Joe Daudish"]
[Black "Eden"]
[Result "1-0"]
[WhiteCountry "USA"]
[BlackCountry "CZE"]
[WhiteElo "1734"]
[WhiteRD "47"]
[BlackElo "1491"]
[BlackRD "65"]
[GameID "196902"]

1. d4 d6 2. Nf3 f5 3. Bf4 h6 4. e3 Nf6 5. Bc4 d5 6. Bd3 e6 7. h3 Nbd7 8. Nbd2 Bb4 9. c3 Be7 10. O-O c5
11. Re1 c4 12. Bc2 g5 13. Bh2 g4 14. hxg4 Nxg4 15. Bg3 h5 16. Bf4 h4 17. Nf1 h3 18. Qd2 hxg2 19. Kxg2 Bh4 20. Ng3 Qf6
21. Nxh4 Qxh4 22. Rh1 Nh2 23. Bd1 Qh3+ 24. Kg1 Nf6 25. f3 Nh5 26. Rxh2 Nxf4 27. Rxh3 Nxh3+ 28. Kg2 Bd7 29. Be2 O-O-O 30. Rh1 Ng5
31. Rxh8 Rxh8 32. f4 Nf7 33. b3 b5 34. Qb2 a6 35. bxc4 dxc4 36. Qb4 Kc7 37. Bd1 Nd6 38. Bf3 Rg8 39. Qa5+ Kb8 40. Qb6+
1-0

[Event "Snorlax # 25"]
[Site "SchemingMind.com"]
[Date "2009.03.18"]
[Round "-"]
[White "THart"]
[Black "Eden"]
[Result "1-0"]
[WhiteCountry "USA"]
[BlackCountry "CZE"]
[WhiteElo "1776"]
[WhiteRD "84"]
[BlackElo "1591"]
[BlackRD "73"]
[GameID "196903"]

1. d4 f5 2. Nf3 h6 3. e3 Nf6 4. Bd3 e6 5. Nbd2 d5 6. Ne5 g5 7. Ndf3 g4 8. Nh4 b6 9. Nhg6 Rg8 10. O-O Bb7
11. Nxf8 Rxf8 12. f3 h5 13. fxg4 hxg4 14. c3 Nh5 15. h3 Rg8 16. hxg4 Qh4 17. Rf3 Ng3 18. Kf2 Ne4+ 19. Ke2 Qh2 20. Bxe4 dxe4
21. Rf2 Nc6 22. Qa4 Ba6+ 23. Qxa6 Nxe5 24. dxe5 Rxg4 25. Kd2 Rxg2 26. Rxg2 Qxg2+ 27. Ke1 Qg1+ 28. Qf1 Qg3+ 29. Qf2 Qxe5 30. Bd2 O-O-O
31. Rd1 a5 32. Bc1 Rxd1+ 33. Kxd1 Qd5+ 34. Qd2 Qxa2 35. Qd4 c5 36. Qd6 Qa4+ 37. Kd2 Qd7 38. Qxd7+ Kxd7 39. c4 Kc6 40. b3 b5
41. Bb2 Kb6 42. Be5 bxc4 43. bxc4 a4 44. Kc2 Ka5 45. Bc3+ Kb6 46. Kb2 Kc6 47. Be5 Kd7 48. Ka3 Ke7 49. Kxa4 Kf7 50. Kb5 Kg6
51. Kxc5 Kg5 52. Kd6
1-0

[Event "Snorlax # 25"]
[Site "SchemingMind.com"]
[Date "2009.03.18"]
[Round "-"]
[White "staunton64"]
[Black "Eden"]
[Result "1-0"]
[WhiteCountry "FRA"]
[BlackCountry "CZE"]
[WhiteElo "1764"]
[WhiteRD "65"]
[BlackElo "1491"]
[BlackRD "65"]
[GameID "196904"]

1. c4 e5 2. Nc3 Bb4 3. g3 Qf6 4. Bg2 Bxc3 5. bxc3 Nh6 6. e4 d6 7. Nf3 Be6 8. d3 c6 9. O-O Nd7 10. Ba3 c5
11. Rb1 b6 12. Bb2 a6 13. Bc1 b5 14. Bg5 Qg6 15. h4 bxc4 16. Nh2 f6 17. Be3 O-O 18. Bf3 Qf7 19. Bxh6 gxh6 20. Bh5 Qg7
21. Bg4 Bxg4 22. Nxg4 f5 23. Nh2 cxd3 24. Qxd3 f4 25. Rb7 Rab8 26. Rfb1 Qe7 27. Qd5+ Kh8 28. Ng4 h5 29. Nh6 fxg3 30. fxg3 Rxb7
31. Rxb7 Qf6 32. Nf5 Nb8 33. Qxd6 Qxd6 34. Nxd6 Nc6 35. Rc7 Nd8 36. Rxc5 Nf7 37. Nxf7+ Rxf7 38. Rxe5 Rf3 39. Kg2 Rxc3 40. Ra5 Rc6
41. Kf3 Rf6+ 42. Ke3 Kg7 43. Rxh5 Rb6 44. Ra5 Rg6 45. Kf4
1-0

[Event "Snorlax # 25"]
[Site "SchemingMind.com"]
[Date "2009.03.18"]
[Round "-"]
[White "Lazaro"]
[Black "Eden"]
[Result "0-1"]
[WhiteCountry "CUB"]
[BlackCountry "CZE"]
[WhiteElo "1504"]
[WhiteRD "74"]
[BlackElo "1591"]
[BlackRD "73"]
[GameID "196944"]

1. g4 d5 2. Bg2 Bxg4 3. c4 c6 4. Qb3 Qb6 5. Qxb6 axb6 6. cxd5 cxd5 7. Bxd5 Nc6 8. Bxc6+ bxc6 9. Nc3 b5 10. d3 e6
0-1